| 000 | 00967nam a2200313 i 4500 | ||
|---|---|---|---|
| 001 | 19951 | ||
| 003 | ES-MaACL | ||
| 005 | 20260518181500.0 | ||
| 007 | t| | ||
| 008 | 020712s2001 sp ||||0| spa j | ||
| 020 | _a84-03-09241-5 | ||
| 040 |
_aM-BN _bspa _cM-BN |
||
| 080 | _a929-055.2(100)"19":82 | ||
| 100 | 1 |
_aPrado, Benjamín. _993605 |
|
| 245 | 1 | 4 |
_aLos nombres de Antígona / _cBenjamín Prado. |
| 250 | _a1ª ed. | ||
| 260 |
_aMadrid : _bAguilar, _c2001. |
||
| 300 |
_a398 p : _bil ; _c24 cm. |
||
| 500 | _aIndice. | ||
| 504 | _aBibliografía: p. 375-386. | ||
| 600 | 1 | 4 |
_aAjmátova, Anna Andreevna. _919027 |
| 600 | 0 | 4 |
_aTsvetaeva, Marina Ivanovna, _d1892-1941 _9111614 |
| 600 | 1 | 4 |
_aMcCullers, Carson. _979546 |
| 600 | 1 | 4 |
_aLeón, María Teresa, _d1903-1988 _971586 |
| 600 | 1 | 4 |
_aBlixen, Karen, _d1885-1962 _944835 |
| 650 | 1 | 4 |
_aEscritoras- _yS.XX- _xBiografías. _912371 |
| 852 |
_aES-MaACL _jL-25947 _bR.130707 |
||
| 999 |
_c19951 _d19951 |
||